| 000 | 00777ntm a22002177a 4500 | ||
|---|---|---|---|
| 005 | 20170808151813.0 | ||
| 008 | 170802n xx a frb 000 0 eng d | ||
| 040 |
_aEG-ScBUE _beng _cEG-ScBUE |
||
| 082 | 0 | 4 |
_222 _a624 _bHAL |
| 100 | 1 | _aHelmy, Ahmed Magdy. | |
| 245 | 1 | 0 |
_aCantilever retaining wall / _cby Ahmed Magdy Helmy. |
| 260 | _c[200?]. | ||
| 300 |
_a20 p. : _bill. (col.) ; _c28 cm. |
||
| 500 | _aA dissertation submitted to the faculty of engineering the British university in Egypt in partial fulfillment of the requirements for the bachelor degree in Civil Engineering | ||
| 590 | _aNOURA TARK KAMAL. | ||
| 650 | 7 |
_2BUEsh _aCivil Engineering. _vProjects |
|
| 653 |
_bENGCIV _cAugust2017 |
||
| 655 | _vSPRO | ||
| 700 | 1 |
_aAbdelsalam, Sherif S. _eths |
|
| 942 | _2ddc | ||
| 999 |
_c25244 _d25216 |
||